000 00908cam a22002775a 4500
001 012385265
005 20160908150924.0
008 030402t2003 ilua frb 001 0 eng d
020 _a0867154179
020 _a9780867154177
040 _aStDuBDS
_dUk
_dEG-ScBUE
_beng
082 0 4 _a617.692
_222
_bPHO
100 1 _aPhoenix, Rodney D.
_935719
245 1 0 _aStewart's clinical removable partial prosthodontics /
_cRodney D. Pheonix, David R. Cagna and Charles F. DeFreest.
250 _a3rd ed.
260 _aCarol Stream :
_bQuintessence Publishing,
_cc.2003.
300 _ax, 525 p. :
_bill. ;
_c28 cm.
500 _aIndex : p. [519]-525.
504 _aIncludes bibliographical references.
650 7 _aPartial dentures, Removable.
_2BUEsh
_930139
651 _2BUEsh
653 _bDDent
_cSeptember2016
700 1 _aCagna, David R.
_935720
700 1 _aDeFreest, Charles.
_935721
942 _2ddc
999 _c22354
_d22326